000 00230nam a2200097Ia 4500
008 120527s9999 xx 000 0 und d
100 _aSchwartz, H. F. etal
245 _aBean production problems.
260 _bC I A T
942 _cBK
999 _c15216
_d15216